Modern science and its philosophy.

Bibliographic Details
Main Author: Frank, Philipp, 1884-1966
Format: Book
Language:English
Published: Cambridge : Harvard Univ. Press, 1949.
Subjects:

MARC

Tag First Indicator Second Indicator Subfields
LEADER 00000cam a2200000 4500
001 in00000453073
005 20151012085625.0
008 721218s1949 mau b 00000 eng u
010 |a  49010016  
035 |a (OCoLC)00519533 
035 |9 ABY3258AM 
040 |c KSU  |d TXA  |d UtOrBLW 
049 |a TXAM  |c [401088] 
050 0 0 |a Q175  |b .F78 
092 |a 501  |b F828m 
100 1 |a Frank, Philipp,  |d 1884-1966. 
245 1 0 |a Modern science and its philosophy. 
264 1 |a Cambridge :  |b Harvard Univ. Press,  |c 1949. 
300 |a 324 pages ;  |c 25 cm. 
336 |a text  |b txt  |2 rdacontent 
337 |a unmediated  |b n  |2 rdamedia 
338 |a volume  |b nc  |2 rdacarrier 
500 |a Pub. in part, 1941, under title: Between physics and philosophy. 
504 |a "Bibliographical note": page [305]. 
650 0 |a Science  |x Philosophy. 
650 0 |a Physics  |x Philosophy. 
999 |a MARS 
999 f f |s 01f3cb83-63e0-301a-a68b-598142ae78cf  |i 9be01962-6f50-3660-baa6-1bea00f6c7d8  |t 0 
952 f f |p ric  |a Texas A&M University  |b Rellis Campus  |c Joint Library Facility  |d Remote Storage  |t 0  |e Q175 .F78  |h Library of Congress classification  |i unmediated -- volume  |m A14809548400 
998 f f |a Q175 .F78  |t 0  |l Remote Storage